| 000 | 01126nam a2200265 i 4500 | ||
|---|---|---|---|
| 003 | DO-SdBNP | ||
| 005 | 20240228193853.0 | ||
| 006 | a||||gr|||| 00| 0 | ||
| 007 | ta | ||
| 008 | 230831e1968 dr ||||| |||| 00| 0 spa d | ||
| 040 |
_aDO-SdBNP _bspa _cBNPHU _erda |
||
| 082 | 4 |
_222 _aRD863.3 _bP418c |
|
| 100 | 1 |
_aPenson, César Nicolás, _d1855-1901 _eautor _96475 |
|
| 245 | 1 | 0 |
_aCosas añejas. / _cCésar Nicolás Pensón ; condesado por Víctor Fleury. |
| 264 | 1 |
_aSanto Domingo : _bAmérica, _c1968 |
|
| 300 |
_a151 páginas ; _c16 cm. |
||
| 336 |
_2rdacontent _atexto _btxt |
||
| 337 |
_2rdamedia _asin mediación _bn |
||
| 338 |
_2rdacarrier _avolumen _bnc |
||
| 490 | _a"Abreviarios Dominicanos" | ||
| 505 |
_aIntroducción. _tDrama Horrendo.-- Bajo Cabello o un Rasgo Audaz.-- Barriga Verde.-- La Muerte del Padre Canales.-- ¡Profanación!.-- Entre Dos Miedos.-- El Martirio por la Honra.-- Los tres que echaron a Pedro entre el Pozo.-- Muerte por muerte.-- El Santo y la Colmena.-- Las Vírgenes de Galindo. |
||
| 590 | _aInventariado 2023 / MF | ||
| 700 | 1 |
_aFleury, Víctor, _953889 _ecompilador |
|
| 942 |
_2ddc _cLBS1 |
||
| 999 |
_c54599 _d54599 |
||